| 000 | 00655nam a2200241Ia 4500 | ||
|---|---|---|---|
| 003 | OSt | ||
| 005 | 20221007080214.0 | ||
| 006 | a|||||r|||| 00| 0 | ||
| 007 | ta | ||
| 008 | 221006b |||||||| |||| 00| 0 eng d | ||
| 024 | _a616 | ||
| 037 | _cReference Collections | ||
| 040 |
_aFLL _cFLL _beng |
||
| 041 |
_2eng _aeng |
||
| 082 | _aV2:91:(Z,81), L3 | ||
| 100 | _aLal Shiv | ||
| 245 | 0 | _aSupreme Court on elections | |
| 260 |
_aNew Delhi _bThe Election Archives India _c1973 |
||
| 300 |
_a512p _ccm. |
||
| 650 | _aInternational law | ||
| 942 |
_hV2:91:(Z,81), L3 _cREF _2CC |
||
| 999 |
_c1158651 _d1158651 |
||